Ballon d'Or - European Player of the Year - Soccer / Football / UEFA - Statistics

General Stats
  • This quiz has been taken 18,894 times
    7,505 since last reset
  • The average score is 40 of 68
Answer Stats
Year Nationality Club (then) Name % Correct
2008 Portugal Manchester United Cristiano Ronaldo
99%
2013 Portugal Real Madrid Cristiano Ronaldo
99%
2014 Portugal Real Madrid Cristiano Ronaldo
99%
2016 Portugal Real Madrid Cristiano Ronaldo
99%
2017 Portugal Real Madrid Cristiano Ronaldo
99%
2009 Argentina FC Barcelona Lionel Messi
99%
2010 Argentina FC Barcelona Lionel Messi
99%
2011 Argentina FC Barcelona Lionel Messi
99%
2012 Argentina FC Barcelona Lionel Messi
99%
2015 Argentina FC Barcelona Lionel Messi
99%
2019 Argentina FC Barcelona Lionel Messi
99%
2021 Argentina FC Barcelona / PSG Lionel Messi
99%
2023 Argentina Paris St. Germain Lionel Messi
99%
1997 Brazil Inter Milano Ronaldo
98%
2002 Brazil Real Madrid Ronaldo
98%
2018 Croatia Real Madrid Luka Modric
95%
2024 Spain Manchester City Rodri
95%
2022 France Real Madrid Karim Benzema
93%
2007 Brazil AC Milan Kaká
89%
2005 Brazil FC Barcelona Ronaldinho
89%
1998 France Juventus Torino Zinedine Zidane
79%
2000 Portugal Real Madrid Luis Figo
76%
2006 Italy Real Madrid Fabio Cannavaro
75%
2004 Ukraine AC Milan Andriy Shevchenko
74%
2003 Czech Republic Juventus Torino Pavel Nedved
74%
2001 England FC Liverpool Michael Owen
68%
1995 Liberia AC Milan George Weah
64%
1971 Netherlands Ajax Amsterdam Johan Cruyff
64%
1973 Netherlands FC Barcelona Johan Cruyff
64%
1974 Netherlands FC Barcelona Johan Cruyff
64%
1988 Netherlands AC Milan Marco van Basten
64%
1989 Netherlands AC Milan Marco van Basten
64%
1992 Netherlands AC Milan Marco van Basten
64%
1999 Brazil FC Barcelona Rivaldo
64%
1963 Soviet Union Dyanmo Moscow Lev Yashin
60%
1970 Germany Bayern München Gerd Müller
59%
1983 France Juventus Torino Michel Platini
57%
1984 France Juventus Torino Michel Platini
57%
1985 France Juventus Torino Michel Platini
57%
1987 Netherlands AC Milan Ruud Gullit
56%
1957 Argentina Real Madrid Alfredo di Stéfano
55%
1959 Spain Real Madrid Alfredo di Stéfano
55%
1972 Germany Bayern München Franz Beckenbauer
50%
1976 Germany Bayern München Franz Beckenbauer
50%
1968 North Ireland Manchester United George Best
50%
1965 Portugal Benfica Lisbon Eusébio
47%
1994 Bulgaria FC Barcelona Hristo Stoichkov
47%
1966 England Manchester United Bobby Charlton
45%
1993 Italy Juventus Torino Roberto Baggio
39%
1990 Germany Inter Milano Lothar Matthäus
34%
1991 France Olympique Marseille Jean-Pierre Papin
30%
1960 Spain FC Barcelona Luis Suárez
30%
1996 Germany Borussia Dortmund Matthias Sammer
27%
1978 England Hamburger SV Kevin Keegan
19%
1979 England Hamburger SV Kevin Keegan
19%
1982 Italy Juventus Torino Paolo Rossi
19%
1956 England Blackpool Stanley Matthews
19%
1964 Scotland Manchester United Denis Law
18%
1980 Germany Bayern München Karl-Heinz Rummenigge
18%
1981 Germany Bayern München Karl-Heinz Rummenigge
18%
1958 France Real Madrid Raymond Kopa
16%
1969 Italy AC Milan Gianni Rivera
9%
1977 Denmark Borussia Mönchengladbach Allan Simonsen
7%
1986 Soviet Union Dynamo Kyiv Igor Belanov
7%
1975 Soviet Union Dynamo Kyiv Oleg Blokhin
7%
1961 Italy Juventus Torino Omar Sivori
7%
1967 Hungary Ferencvárosi TC Flórián Albert
6%
1962 Czechoslovakia Dukla Prague Josef Masopust
6%
No matching quizzes found
Score Distribution
Percent of People with Each Score
Percentile by Number Answered
Your Score History
You have not taken this quiz since the last reset